000 00332nam a2200145Ia 4500
008 150201s2007 xx 000 0 und d
082 _a616.07
_bH07A
100 _aAGGARWAL,ASHOK
245 _aHISTOPATHOLOGY
250 _a1ST
260 _bJAYPEE BROTHERS
_aDELHI
_c2007
300 _a1-280
650 _aPATHOLOGY
942 _2ddc
_cBK
999 _c510
_d510